000 00654cam a22002171 4500
001 45818
090 _a45818
100 _a19960224f19101920km y0pory5003 ba
101 0 _apor
102 _aPT
200 0 _aAnimaes nossos amigos
_eversos de Affonso Lopes Vieira
_fde Affonso Lopes Vieira
_gilustracões de Raul Lino
210 9 _aLisboa
_cLivraria ferreira
_d1911
215 _a87 p.
_cil.
500 1 0 _aAnimais nossos amigos
675 _a087.5
_vBN
_zpor
675 _a821.134.3-93"19"
_vBN
_zpor
675 _a821.134.3-1"19"
_vBN
_zpor
700 1 _aVieira,
_bAfonso Lopes,
_f1878-1946
702 1 _aLino,
_bRaúl,
_f1879-1974
_4440
801 0 _aPT
_bBN
_gRPC
990 _cLIVROS